00329nam a2200109Ia 4500008004100000020002200041041001200063100003500075245005600110260003200166650002100198231221s9999 xx 000 0 und d a978-1-4471-4941-5 aEnglish aK. K. Shukla, Arvind K. Tiwari 0aEfficient Algorithms for Discrete Wavelet Transform c2013bSpringer USaNew York aComputer Science